| 000 | 00804cam a2200253 a 4500 | ||
|---|---|---|---|
| 001 | 17153525 | ||
| 005 | 20180207065644.0 | ||
| 008 | 120208s2013 njua p 001 0 eng | ||
| 010 | _a 2011052893 | ||
| 020 | _a9780132865661 (pbk. ) | ||
| 020 | _a0132865661 (pbk.) | ||
| 040 |
_aDLC _cDLC _dDLC |
||
| 041 | _aeng | ||
| 042 | _apcc | ||
| 080 | _a612.007 COL | ||
| 082 | 0 | 0 |
_a612.007 COL _223 |
| 100 | 1 | _a7 | |
| 101 | _aANA | ||
| 245 | 1 | 0 |
_aAnatomy, physiology & disease : _cBruce J. Colbert, Jeff Ankney, Karen T. Lee. |
| 246 | 3 | _aAnatomy, physiology, and disease | |
| 906 |
_a7 _bcbc _corignew _d1 _eecip _f20 _gy-gencatlg |
||
| 942 |
_2ddc _cBK |
||
| 999 |
_c42009 _d42009 |
||